Statistics for Colors in Finnish

Click here to take the quiz!

General Stats

  • This quiz has been taken 26 times
  • The average score is 10 of 16

Answer Stats

HintAnswer% Correct
blackmusta
89%
redpunainen
79%
whitevalkoinen
79%
yellowkeltainen
74%
orangeoranssi
74%
bluesininen
74%
greenvihreä
74%
pinkpinkki
68%
greyharmaa
63%
brownruskea
63%
purplelilla
47%
dark yellowtummankeltainen
42%
dark redtummanpunainen
42%
light bluevaaleansininen
37%
light greenvaaleanvihreä
37%
beigebeige
32%

Score Distribution

Percentile by Number Answered

Percent of People with Each Score

Your Score History

You have not taken this quiz